000 00478nam a2200157 i 4500
001 77463
003 ES-MaACL
007 t|
008 041018s1968 sp ||||1| rus d
100 1 _aMaevskii, Vladimir.
_975419
245 1 0 _aEn el campo eclesiástico
_b: informaciones históricas /
_cVl. Maevskii.
260 _aMadrid :
_b[s.n.],
_c1968 (
_fImp. Suc. Vda. G. Sèz)
300 _a318 p., 1 h. ;
_c24 cm.
500 _aTexto en ruso.
852 _aES-MaACL
_jB-8573
_bR.65697
999 _c77463
_d77463